| 000 | 00657nam a22001935i 4500 | ||
|---|---|---|---|
| 001 | 165754 | ||
| 003 | ES-MaACL | ||
| 005 | 20240524063010.0 | ||
| 008 | 050906s1911 sp | |||||||| ||spa d | ||
| 040 |
_aCAM _bspa _cCAM |
||
| 100 | 0 |
_aStendhal, _d1783-1842 _9108086 |
|
| 245 | 1 | 3 |
_aLe rouge et le noire / _cStendhal; introduction par Casimir Stryienski. |
| 260 |
_aParis : _bBibliothèque Larousse, _c[1911] ( _fImp. Larousse) |
||
| 300 |
_a2 v. (196, [4]; 230 p.) ; _c20 cm. |
||
| 700 | 1 |
_aStryienski, Casimier, _epr. _9108482 |
|
| 752 |
_aFrancia - _dParis |
||
| 852 |
_aES-MaACL _jG-8982-8983 _z-- Enc. hol. |
||
| 999 |
_c165754 _d165754 |
||